000 00528cam a22001932a 4500
001 020090
003 AR-FADEU
008 311216n1943####xxu####################dd
092 _eHD
100 _aAlsina, Hugo
245 _aTratado teórico práctico de Derecho Procesal Civil y Comercial
260 _aBuenos Aires
260 _bCompañía Argentina de Editores S.R.L.
260 _c1943
300 _a1 t.
500 _aLa Biblioteca contiene el Tomo III
650 _aDERECHO-HISTORIA Y CRÍTICA/HD/
942 _cHD
999 _c25815
_d25815